000 00796cam a2200241 a 4500
005 20260311202514.0
008 981005s1998 sz a b i000 0 eng d
020 _a9221108481
020 _a9789221108481
040 _aKABLIB
_cKABLIB
_erda
082 _223
_a339.46
_bLIP
100 1 _aLipton, Michael,
_d1937-
_915729
245 1 0 _aSuccesses in anti-poverty /
_cMichael Lipton ; with assistance from Shahin Yaqub and Eliane Darbellay.
260 _aGeneva :
_bILO,
_cc1998.
300 _axii, 214 p. :
_bill. ;
_c24 cm.
504 _aIncludes bibliographical references (p. 201-214).
650 0 _aPoverty.
650 0 _aEconomic assistance.
700 1 _aYaqub, Shahin.
_915730
700 1 _aDarbellay, Eliane.
_915731
710 2 _aInternational Labour Office.
_910391
942 _2ddc
_cBOOK
999 _c6186
_d6186